| 000 | 00624nam a2200217 i 4500 | ||
|---|---|---|---|
| 001 | 184912 | ||
| 003 | ES-MaACL | ||
| 005 | 20230906222315.0 | ||
| 008 | 160218s1970 sp |||| | cat d | ||
| 080 | _a811.134.1'36 | ||
| 100 | 0 |
_aMartí i Castell, Joan. _977219 |
|
| 245 | 1 | 0 |
_aGramatica catalana _b: curs mitja / _cJoan Marti i Castell. |
| 250 | _a[1ª ed.]. | ||
| 260 |
_aBarcelona : _bEdhasa, _c1970. |
||
| 300 |
_a348 p. ; _c20 cm. |
||
| 490 | 1 |
_aEl Punt ; _v2 |
|
| 650 | 4 |
_aLengua catalana- _xGramática. _914105 |
|
| 830 | 0 |
_aEl Punt ; _v2 _9232065 |
|
| 852 |
_aES-MaACL _jC-39824 |
||
| 999 |
_c184912 _d184912 |
||